Municípios mais populosos do Brasil em 1890 - Statistics

Estatísticas Gerais
  • Esse quiz foi jogado 27 vezes
  • A pontuação média é 8 de 20
Estatísticas das Respostas
População Estado Município % Correto
522 651 Districto Federal Rio de Janeiro
100%
174 412 Bahia São Salvador
100%
111 556 Pernambuco Recife
90%
52 421 Rio Grande do Sul Porto Alegre
80%
64 934 São Paulo São Paulo
80%
59 249 Minas Geraes Ouro Preto
75%
78 036 Rio de Janeiro Campos
55%
61 758 Bahia Feira de Santana
55%
72 411 Minas Geraes Juiz de Fora
50%
56 404 Minas Geraes Mariana
40%
57 850 Minas Geraes Barbacena
20%
61 555 Minas Geraes Montes Claros
20%
88 832 Bahia Santo Amaro
20%
77 754 Minas Geraes Sabará
15%
63 746 Pernambuco Nazareth
10%
68 270 Minas Geraes Queluz
10%
62 423 Minas Geraes Santa Bárbara
10%
62 136 Minas Geraes Grão Mogol
5%
72 411 Minas Geraes Minas Novas
5%
75 270 Minas Geraes Serro
5%
Nenhum quiz correspondente encontrado
Distribuição das Pontuações
Porcentagem de Pessoas com Cada Pontuação
Percentil de Números Respondidos
Sua Pontuação Histórica
Você não jogou esse quiz